<?xml version="1.0" encoding="UTF-8"?><?xml-stylesheet type="text/xsl" href="static/style.xsl"?><OAI-PMH xmlns="http://www.openarchives.org/OAI/2.0/" xmlns:xsi="http://www.w3.org/2001/XMLSchema-instance" xsi:schemaLocation="http://www.openarchives.org/OAI/2.0/ http://www.openarchives.org/OAI/2.0/OAI-PMH.xsd"><responseDate>2026-04-19T05:28:00Z</responseDate><request verb="GetRecord" identifier="oai:riubu.ubu.es:10259/8315" metadataPrefix="marc">https://riubu.ubu.es/oai/request</request><GetRecord><record><header><identifier>oai:riubu.ubu.es:10259/8315</identifier><datestamp>2024-02-06T01:05:30Z</datestamp><setSpec>com_10259_4438</setSpec><setSpec>com_10259_4437</setSpec><setSpec>com_10259.4_106</setSpec><setSpec>com_10259_2604</setSpec><setSpec>col_10259_4712</setSpec></header><metadata><record xmlns="http://www.loc.gov/MARC21/slim" xmlns:doc="http://www.lyncode.com/xoai" xmlns:xsi="http://www.w3.org/2001/XMLSchema-instance" xmlns:dcterms="http://purl.org/dc/terms/" xsi:schemaLocation="http://www.loc.gov/MARC21/slim http://www.loc.gov/standards/marcxml/schema/MARC21slim.xsd">
<leader>00925njm 22002777a 4500</leader>
<datafield tag="042" ind1=" " ind2=" ">
<subfield code="a">dc</subfield>
</datafield>
<datafield tag="720" ind1=" " ind2=" ">
<subfield code="a">García Arroyo, Ana</subfield>
<subfield code="e">author</subfield>
</datafield>
<datafield tag="260" ind1=" " ind2=" ">
<subfield code="c">2005</subfield>
</datafield>
<datafield tag="520" ind1=" " ind2=" ">
<subfield code="a">Queerness is an expresion or response that goes beyond the limits established within the dichotomies of gender (man-woman) and sex (homo-hetero). Queerness is an umbrella term used to represent a space that suggests diversity as well as unity. Queerness can also present intersections and combinations of more than one specific from of sexuality. Nowadays, when gayness, lesbianism, bisexuality and straightness do not hold the gender-unifying essence that they once might have had, queerness becomes, in my opinion, a valuable concept to refer to various models, bonds and subjectivities in clutures such as India.</subfield>
</datafield>
<datafield tag="024" ind2=" " ind1="8">
<subfield code="a">84-7733-800-0</subfield>
</datafield>
<datafield tag="024" ind2=" " ind1="8">
<subfield code="a">http://hdl.handle.net/10259/8315</subfield>
</datafield>
<datafield tag="245" ind1="0" ind2="0">
<subfield code="a">"Musti" and "Yaraana": the concealed worlds of queer India</subfield>
</datafield>
</record></metadata></record></GetRecord></OAI-PMH>